000 01072na a2200313 4500
001 22185
003 MIRAKIL
005 20181213155252.0
008 170211b tu 000 0
035 _a22185
040 _aMilas
_btur
_cTR-AnCHP
041 _atur
090 _aSHP 9
110 _aSosyaldemokrat Halkçı Parti (SHP)
222 _aSeçim bildirgeleri
245 _aŞimdi barış zamanı : 1994 ara seçimleri seçim bildirgesi
_b1994 ara seçimleri seçim bildirgesi
_cSHP
246 _aŞimdi barış zamanı
246 _a1994 ara seçimleri seçim bildirgesi
260 _a[Ankara]
_b[SHP]
_c[1994]
300 _a10 s.
_c19 sm.
610 _aSosyaldemokrat Halkçı Parti (SHP)
_xSeçim bildirgesi, 1994
610 _aSosyaldemokrat Halkçı Parti (SHP)
_xPropaganda ve ideolojiler
_yİnönü Dönemi
_yBildirgeler
651 _aTürkiye
_xSiyaset ve yönetim
657 _aSHP bildirgeler
740 _a1994 ara seçimleri seçim bildirgesi : şimdi barış zamanı
830 _aSHP bildirgeleri
942 _2ddc
_cBKS
999 _c9605
_d9605